000 00547nam a2200193 a 4500
001 3781
005 20140414132032.0
008 061012s19uu xx 00 eng d
020 _a1-56293-106-7
050 _aTR
_bM99 1992
100 _aHerman, Emmi
245 _aMy first day at school /
_cby Emmi S. Herman ; pictures by Ruth J. Flanigan.
260 _aNew York :
_bMcClanahan Book,
_c1992.
300 _a1 p. : ill. ; cm.
440 _aStorytime Books
650 _aSchools
_xfiction.
650 _aChildren stories.
999 _c113649
_d113649